|
|
|
|
| LEADER |
00000nam2a2200000 4500 |
| 001 |
257794 |
| 005 |
20231031220031.0 |
| 035 |
|
|
|a (RuTPU)RU\TPU\book\280612
|
| 090 |
|
|
|a 257794
|
| 100 |
|
|
|a 20140419d1987 k y0rusy50 ca
|
| 101 |
0 |
|
|a rus
|
| 102 |
|
|
|a RU
|
| 105 |
|
|
|a a z 001zy
|
| 200 |
0 |
|
|a Вып. 6
|f под ред. В. И. Климанова
|
| 210 |
|
|
|d 1987
|
| 215 |
|
|
|a 144 с.
|c ил.
|
| 320 |
|
|
|a Библиогр. в конце ст.
|
| 461 |
|
1 |
|0 (RuTPU)RU\TPU\book\296036
|t Исследования пространственных конструкций
|o межвузовский сборник научных трудов
|f Уральский политехнический институт им. С. М. Кирова
|v Вып. 6
|d 1977-1987
|
| 606 |
1 |
|
|a Пространственные конструкции
|2 stltpush
|3 (RuTPU)RU\TPU\subj\52794
|
| 610 |
1 |
|
|a исследования
|
| 610 |
1 |
|
|a тонкостенные конструкции
|
| 610 |
1 |
|
|a стержневые конструкции
|
| 610 |
1 |
|
|a применение
|
| 610 |
1 |
|
|a напряженно-деформированное состояние
|
| 610 |
1 |
|
|a формообразование
|
| 675 |
|
|
|a 624.04
|v 3
|
| 702 |
|
1 |
|a Климанов
|b В. И.
|4 340
|
| 801 |
|
1 |
|a RU
|b 63413507
|c 20140419
|
| 801 |
|
2 |
|a RU
|b 63413507
|c 20171005
|g RCR
|
| 942 |
|
|
|c BK
|